000
00311 a2200109 4500
001
ART_7614
005
20260410161722.0
008
260409a
245
1
0
_a
La manipulación de la demanda
100
1
_a
Di Tella, Guido
773
0
_t
Revista de la integración
_g
- Nº 11 (nov. 1972)
_w
REV1815
999
_c
17045
_d
17045